<?xml version="1.0" encoding="UTF-8"?>
<record
    xmlns:xsi="http://www.w3.org/2001/XMLSchema-instance"
    xsi:schemaLocation="http://www.loc.gov/MARC21/slim http://www.loc.gov/standards/marcxml/schema/MARC21slim.xsd"
    xmlns="http://www.loc.gov/MARC21/slim">

  <leader>01496nam a2200349 a 4500</leader>
  <controlfield tag="001"> </controlfield>
  <controlfield tag="003">DO-SdBNP</controlfield>
  <controlfield tag="005">20210716100137.0</controlfield>
  <controlfield tag="008">150602s2017    dr 000 0 spa d</controlfield>
  <datafield tag="020" ind1=" " ind2=" ">
    <subfield code="a">9789945590678</subfield>
  </datafield>
  <datafield tag="040" ind1=" " ind2=" ">
    <subfield code="a">BPMSU </subfield>
    <subfield code="b">spa</subfield>
    <subfield code="c">BPMSU </subfield>
  </datafield>
  <datafield tag="082" ind1=" " ind2=" ">
    <subfield code="a">RD864.44</subfield>
    <subfield code="b">P925p,2016</subfield>
    <subfield code="2">22</subfield>
  </datafield>
  <datafield tag="111" ind1="2" ind2=" ">
    <subfield code="a">Premios FUNGLODE </subfield>
    <subfield code="d">(2016 :</subfield>
    <subfield code="c">Santo Domingo)</subfield>
  </datafield>
  <datafield tag="245" ind1="1" ind2="0">
    <subfield code="a">Paseo cultural y otros temas period&#xED;sticos. /</subfield>
    <subfield code="c">Mayra P&#xE9;rez Castillo...[et al.].</subfield>
  </datafield>
  <datafield tag="260" ind1=" " ind2=" ">
    <subfield code="a">Santo Domingo :</subfield>
    <subfield code="b">FUNGLODE,</subfield>
    <subfield code="c">2017.</subfield>
  </datafield>
  <datafield tag="300" ind1=" " ind2=" ">
    <subfield code="a">206 p. ;</subfield>
    <subfield code="c">24 cm.</subfield>
  </datafield>
  <datafield tag="490" ind1="0" ind2=" ">
    <subfield code="a">Premios FUNGLODE/ GFDD</subfield>
    <subfield code="a">Periodismo</subfield>
  </datafield>
  <datafield tag="505" ind1="0" ind2=" ">
    <subfield code="g">Primer lugar --</subfield>
    <subfield code="t">Paseo cultural /</subfield>
    <subfield code="r">Mayra P&#xE9;rez Castillo --</subfield>
    <subfield code="g">Segundo lugar --</subfield>
    <subfield code="t">Era de Trujillo a sus 55 a&#xF1;os /</subfield>
    <subfield code="r">H&#xE9;ctor Francisco Minaya Rosario --</subfield>
    <subfield code="g">Tercer lugar --</subfield>
    <subfield code="t">Las emergencias en emergencia /</subfield>
    <subfield code="r">Doris Pantale&#xF3;n --</subfield>
    <subfield code="g">Menci&#xF3;n --</subfield>
    <subfield code="t">Hospitales del Sur /</subfield>
    <subfield code="r">Ana Lisinia Batista Mateo --</subfield>
    <subfield code="g">Menci&#xF3;n --</subfield>
    <subfield code="t">Aislados para salverse /</subfield>
    <subfield code="r">Adriana Peguero --</subfield>
    <subfield code="g">Menci&#xF3;n --</subfield>
    <subfield code="t">El legado de Salom&#xE9; /</subfield>
    <subfield code="r">Carmen Teresa Guzm&#xE1;n --</subfield>
  </datafield>
  <datafield tag="586" ind1=" " ind2=" ">
    <subfield code="a">Premio FUNGLODE de Periodismo Rafael Herrera, 2016</subfield>
  </datafield>
  <datafield tag="590" ind1=" " ind2=" ">
    <subfield code="a">Inventariado, 2021/VM</subfield>
  </datafield>
  <datafield tag="650" ind1=" " ind2="4">
    <subfield code="a">Ensayos dominicanos  </subfield>
    <subfield code="z"> </subfield>
  </datafield>
  <datafield tag="650" ind1=" " ind2="4">
    <subfield code="a">Art&#xED;culos period&#xED;sticos</subfield>
  </datafield>
  <datafield tag="650" ind1=" " ind2="4">
    <subfield code="a">Certamenes literarios </subfield>
  </datafield>
  <datafield tag="700" ind1="1" ind2=" ">
    <subfield code="a">P&#xE9;rez Castillo, Mayra</subfield>
  </datafield>
  <datafield tag="700" ind1="1" ind2=" ">
    <subfield code="a">Minaya Rosario, H&#xE9;ctor Francisco</subfield>
  </datafield>
  <datafield tag="700" ind1="1" ind2=" ">
    <subfield code="a">Pantale&#xF3;n, Doris</subfield>
  </datafield>
  <datafield tag="700" ind1="1" ind2=" ">
    <subfield code="a">Batista Mateo, Ana Lisania</subfield>
  </datafield>
  <datafield tag="700" ind1="1" ind2=" ">
    <subfield code="a">Peguero, Adriana</subfield>
  </datafield>
  <datafield tag="700" ind1="1" ind2=" ">
    <subfield code="a">Guzm&#xE1;n, Carmen Teresa</subfield>
  </datafield>
  <datafield tag="910" ind1=" " ind2=" ">
    <subfield code="a">VMateo V</subfield>
  </datafield>
  <datafield tag="942" ind1=" " ind2=" ">
    <subfield code="2">ddc</subfield>
    <subfield code="c">BK</subfield>
  </datafield>
  <datafield tag="952" ind1=" " ind2=" ">
    <subfield code="0">0</subfield>
    <subfield code="1">0</subfield>
    <subfield code="2">ddc</subfield>
    <subfield code="4">0</subfield>
    <subfield code="7">0</subfield>
    <subfield code="8">CD</subfield>
    <subfield code="a">BPMET</subfield>
    <subfield code="b">BPMET</subfield>
    <subfield code="d">2021-07-16</subfield>
    <subfield code="e">FUNGLODE</subfield>
    <subfield code="l">0</subfield>
    <subfield code="o">BPMSU CD RD864.44 P925p 2016</subfield>
    <subfield code="p">BPMSU21070003</subfield>
    <subfield code="r">2021-07-16</subfield>
    <subfield code="w">2021-07-16</subfield>
    <subfield code="y">BK</subfield>
  </datafield>
  <datafield tag="999" ind1=" " ind2=" ">
    <subfield code="c">13571</subfield>
    <subfield code="d">13571</subfield>
  </datafield>
</record>
